UM Logo

LET comprehensive reviewer based on 2022 enhanced table of specifications (TOS) for the board licensure examination for professional teachers (BLEPT) : (Record no. 23804)

MARC details
000 -LEADER
fixed length control field 00862nam a22001937a 4500
005 - DATE AND TIME OF LATEST TRANSACTION
control field 20250917144001.0
008 - FIXED-LENGTH DATA ELEMENTS--GENERAL INFORMATION
fixed length control field 250917b |||||||| |||| 00| 0 eng d
020 ## - INTERNATIONAL STANDARD BOOK NUMBER
International Standard Book Number 9786214510559
082 ## - DEWEY DECIMAL CLASSIFICATION NUMBER
Classification number DFil 371.12076 Si111 2025
100 ## - MAIN ENTRY--PERSONAL NAME
Personal name Sia, Jonald Blacer.
9 (RLIN) 67635
245 ## - TITLE STATEMENT
Title LET comprehensive reviewer based on 2022 enhanced table of specifications (TOS) for the board licensure examination for professional teachers (BLEPT) :
Remainder of title general education & specialization english /
Statement of responsibility, etc. Jonald Blacer Sia and Lorimar Publishing, Inc.
260 ## - PUBLICATION, DISTRIBUTION, ETC. (IMPRINT)
Place of publication, distribution, etc. Quezon City :
Name of publisher, distributor, etc. Lorimar Publishing, Inc.,
Date of publication, distribution, etc. ©2025.
300 ## - PHYSICAL DESCRIPTION
Extent x, 119 pages :
Other physical details illustrations ;
Dimensions 25 cm.
500 ## - GENERAL NOTE
General note Includes references.
650 #0 - SUBJECT ADDED ENTRY--TOPICAL TERM
Topical term or geographic name as entry element Education
9 (RLIN) 67694
General subdivision Examinations.
650 #0 - SUBJECT ADDED ENTRY--TOPICAL TERM
Topical term or geographic name as entry element Teacher examination
General subdivision Reviewer.
9 (RLIN) 67695
710 ## - ADDED ENTRY--CORPORATE NAME
Corporate name or jurisdiction name as entry element Lorimar publishing Inc.,
Relator term author.
9 (RLIN) 50629
942 ## - ADDED ENTRY ELEMENTS (KOHA)
Source of classification or shelving scheme Dewey Decimal Classification
Koha item type Filipiniana
Holdings
Withdrawn status Lost status Source of classification or shelving scheme Damaged status Not for loan Collection code Home library Current library Date acquired Source of acquisition Cost, normal purchase price Total Checkouts Full call number Barcode Checked out Date last seen Date last checked out Copy number Price effective from Koha item type
    Dewey Decimal Classification     Filipiniana UM Digos College - LIC UM Digos College - LIC 08/11/2025 Purchased 855.00 1 DFil 371.12076 Si111 2025 28847 04/30/2026 04/22/2026 04/22/2026 1 09/17/2025 Filipiniana
    Dewey Decimal Classification     Filipiniana UM Digos College - LIC UM Digos College - LIC 08/11/2025 Purchased 855.00   DFil 371.12076 Si111 2025 28848   09/17/2025   2 09/17/2025 Filipiniana